000 00783nam a2200241Ia 4500
003 OSt
005 20220924113155.0
006 a|||||r|||| 00| 0
007 ta
008 220923b |||||||| |||| 00| 0 eng d
024 _a149583
037 _cDictionary
040 _aARTS
_cARTS
_beng
041 _2eng
_aeng
082 _aY1:4:6, J2
110 _aUnited Nations Social Affairs (Departmant of-). Secretary General of Programmes
_9169628
245 0 _aMethods of administration assistances to the needy
_bstudy in seven countries
260 _aNA
_bNA
_c1952
650 _aSOCIOLOGY
700 _aUnited Nations Social Affairs (Departmant of-). Secretary General of Programmes
_9169629
942 _hY1:4:6, J2
_cdic
_2cc
999 _c389445
_d389445